=LDR 00000nam 2200000 4500 =001 INLIS000000000039462 =005 20140830134914.0 =006 =007 =008 Ind =035 ##$$a 0010-061300000039462 =041 ##$$a Ind =082 ##$$a 910.4 =090 ##$$a 910.4, Yul j =100 ##$$a Yulianingsih, Tri Maya =245 ##$$a Jelajah wisata nusantara, Berbagai pilihan tujuan wisata di 33 Provinsi/Tri Maya Yulianingsih; Penyunting, ratino =260 ##$$a 2010 $b Yogyakarta =300 ##$$a v, 427 hlm., ilus., 22 cm =650 ##$$a Pariwisata - Indonesia =700 ##$$a Ratino =850 ##$$a NBPNMAT =990 ##$$a 92032/BPAP-NTB/2014 =990 ##$$a 92036/BPAP-NTB/2014 =990 ##$$a 21195788/BPAP-NTB/2014 =990 ##$$a 21196906/BPAP-NTB/2014 =990 ##$$a 0001/BPAP-NTB/20142014